Collapse of the Soviet Military. (Record no. 247789)

000 -LEADER
fixed length control field 00262 a2200109 4500
001 - CONTROL NUMBER
control field 12716
082 ## - DEWEY DECIMAL CLASSIFICATION NUMBER
Classification number 355.00947ODO
090 ## - LOCALLY ASSIGNED LC-TYPE CALL NUMBER (OCLC); LOCAL CALL NUMBER (RLIN)
-- 9714
-- 9714
100 ## - MAIN ENTRY--PERSONAL NAME
Personal name Odom William.E
245 ## - TITLE STATEMENT
Title Collapse of the Soviet Military.
260 ## - PUBLICATION, DISTRIBUTION, ETC.
Place of publication, distribution, etc. LONDON
Name of publisher, distributor, etc. Yale college
Date of publication, distribution, etc. 1998
942 ## - ADDED ENTRY ELEMENTS (KOHA)
Institution code [OBSOLETE] NUST-CAE
Call number prefix 355.00947ODO
Holdings
Withdrawn status Lost status Damaged status Not for loan Collection code Permanent Location Current Location Date acquired Total Checkouts Full call number Barcode Date last seen Price effective from Koha item type
          College of Aeronautical Engineering (CAE) College of Aeronautical Engineering (CAE) 04/03/2017   355.00947ODO CAEN-3432 04/05/2017 04/05/2017 Book
© 2023 Central Library, National University of Sciences and Technology. All Rights Reserved.